<?xml version="1.0" encoding="UTF-8"?>
<record
    xmlns:xsi="http://www.w3.org/2001/XMLSchema-instance"
    xsi:schemaLocation="http://www.loc.gov/MARC21/slim http://www.loc.gov/standards/marcxml/schema/MARC21slim.xsd"
    xmlns="http://www.loc.gov/MARC21/slim">

  <leader>02237nam a2200397 c 4500</leader>
  <controlfield tag="001">193458</controlfield>
  <controlfield tag="003">SpMaBN</controlfield>
  <controlfield tag="005">20250831115902.0</controlfield>
  <controlfield tag="008">191212s2019    sp a   | |||| 000 p spa  </controlfield>
  <datafield tag="015" ind1=" " ind2=" ">
    <subfield code="a">MON19</subfield>
  </datafield>
  <datafield tag="017" ind1=" " ind2=" ">
    <subfield code="a">M 6778-2019</subfield>
    <subfield code="b">Oficina Dep&#xF3;sito Legal Madrid</subfield>
  </datafield>
  <datafield tag="020" ind1=" " ind2=" ">
    <subfield code="a">9788409090617</subfield>
  </datafield>
  <datafield tag="040" ind1=" " ind2=" ">
    <subfield code="a">SpMaBN</subfield>
    <subfield code="b">spa</subfield>
    <subfield code="c">SpMaBN</subfield>
    <subfield code="e">rda</subfield>
    <subfield code="d">ES-MaACL</subfield>
  </datafield>
  <datafield tag="080" ind1=" " ind2=" ">
    <subfield code="a">821.134.1-14"19"</subfield>
  </datafield>
  <datafield tag="100" ind1="1" ind2=" ">
    <subfield code="a">Margarit, Joan</subfield>
    <subfield code="d">1938-2021</subfield>
    <subfield code="4">aut</subfield>
    <subfield code="9">234728</subfield>
  </datafield>
  <datafield tag="245" ind1="1" ind2="4">
    <subfield code="a">Una mujer mayor /</subfield>
    <subfield code="c">Joan Margarit, Paula Rego</subfield>
  </datafield>
  <datafield tag="250" ind1=" " ind2=" ">
    <subfield code="a">Primera Edici&#xF3;n :2019</subfield>
  </datafield>
  <datafield tag="260" ind1=" " ind2=" ">
    <subfield code="a">Alcobendas, Madrid</subfield>
    <subfield code="b">La Cama Sol Ediciones,</subfield>
    <subfield code="c">2019</subfield>
  </datafield>
  <datafield tag="264" ind1=" " ind2="1">
    <subfield code="a">Alcobendas, Madrid</subfield>
    <subfield code="b">La Cama Sol Ediciones,</subfield>
    <subfield code="c">[2019]</subfield>
  </datafield>
  <datafield tag="264" ind1=" " ind2="4">
    <subfield code="c">&#xA9;2019</subfield>
  </datafield>
  <datafield tag="300" ind1=" " ind2=" ">
    <subfield code="a">149 p&#xE1;ginas</subfield>
    <subfield code="b">ilustraciones (blanco y negro y color)</subfield>
    <subfield code="c">24 cm</subfield>
  </datafield>
  <datafield tag="336" ind1=" " ind2=" ">
    <subfield code="a">Texto</subfield>
    <subfield code="2">rdacontent</subfield>
  </datafield>
  <datafield tag="337" ind1=" " ind2=" ">
    <subfield code="a">sin mediaci&#xF3;n</subfield>
    <subfield code="2">rdamedia</subfield>
  </datafield>
  <datafield tag="338" ind1=" " ind2=" ">
    <subfield code="a">volumen</subfield>
    <subfield code="2">rdacarrier</subfield>
  </datafield>
  <datafield tag="520" ind1=" " ind2=" ">
    <subfield code="a">La poes&#xED;a de Margarit en este libro que publica La Cama Sol busca dialogar con la obra de su admirada Paula Rego, una de las artistas actuales m&#xE1;s reconocidas. Portuguesa, asentada desde hace a&#xF1;os en Londres, donde en 2018 particip&#xF3; en la retrospectiva All Too Human junto a pintores como Lucian Freud, Francis Bacon y Frank Auerbach. El libro que aqu&#xED; publicamos es un viaje a trav&#xE9;s de los poemas con los que un poeta de la envergadura de Margarit busca acompa&#xF1;ar las pinturas y dibujos de una gran pintora como Paula Rego. Es la coincidencia de dos obras que utilizan la belleza tan s&#xF3;lo como un primer paso hacia la verdad. Contiene 90 Poemas de Joan Margarit y 31 obras de Paula Rego que acompa&#xF1;an cada selecci&#xF3;n po&#xE9;tica de Joan Margarit.</subfield>
  </datafield>
  <datafield tag="655" ind1=" " ind2="7">
    <subfield code="a">Poes&#xED;as</subfield>
    <subfield code="2">tgfbne</subfield>
    <subfield code="9">176539</subfield>
  </datafield>
  <datafield tag="655" ind1=" " ind2="7">
    <subfield code="a">Libros ilustrados</subfield>
    <subfield code="2">tgfbne</subfield>
    <subfield code="9">193653</subfield>
  </datafield>
  <datafield tag="700" ind1=" " ind2=" ">
    <subfield code="a">Rego, Paula, </subfield>
    <subfield code="d">1935-2022</subfield>
    <subfield code="4">art</subfield>
    <subfield code="9">234729</subfield>
  </datafield>
  <datafield tag="852" ind1=" " ind2=" ">
    <subfield code="a">ES-MaACL</subfield>
    <subfield code="b">R.154812</subfield>
    <subfield code="c">DEPOJ</subfield>
    <subfield code="h">Donaci&#xF3;n: Jos&#xE9; L&#xE1;zaro Garcia</subfield>
    <subfield code="j">N-9634</subfield>
    <subfield code="x">Encuadernaci&#xF3;n r&#xFA;stica con solapas</subfield>
    <subfield code="9">201108</subfield>
    <subfield code="g">154/500</subfield>
  </datafield>
  <datafield tag="903" ind1=" " ind2=" ">
    <subfield code="9">234219</subfield>
    <subfield code="a">L&#xE1;zaro Garc&#xED;a, Jos&#xE9;</subfield>
    <subfield code="e">dnr</subfield>
  </datafield>
  <datafield tag="942" ind1=" " ind2=" ">
    <subfield code="2">udc</subfield>
    <subfield code="c">MONOGRAFIA</subfield>
    <subfield code="n">0</subfield>
  </datafield>
  <datafield tag="999" ind1=" " ind2=" ">
    <subfield code="c">193458</subfield>
    <subfield code="d">193458</subfield>
  </datafield>
  <datafield tag="952" ind1=" " ind2=" ">
    <subfield code="0">0</subfield>
    <subfield code="1">0</subfield>
    <subfield code="2">udc</subfield>
    <subfield code="4">0</subfield>
    <subfield code="7">0</subfield>
    <subfield code="a">ATENEOM</subfield>
    <subfield code="b">ATENEOM</subfield>
    <subfield code="c">DEPOJ</subfield>
    <subfield code="d">2024-01-29</subfield>
    <subfield code="e">DONACION</subfield>
    <subfield code="l">0</subfield>
    <subfield code="o">N-9634</subfield>
    <subfield code="p">101206455</subfield>
    <subfield code="r">2024-01-29 00:00:00</subfield>
    <subfield code="w">2024-01-29</subfield>
    <subfield code="y">MONOGRAFIA</subfield>
  </datafield>
</record>
